000 nam a22 7a 4500
999 _c234389
_d234389
003 Nust
005 20170320115404.0
008 170320b xxu||||| |||| 00| 0 eng d
020 _a81-8411-093-6
040 _cASAB
082 _a574.8
245 _agenetic engineering
_c by S.r. Kulshrestha
300 _a280 p
942 _2ddc
_cBK